Томская школа статистического моделирования радиационных полей; Технический университет: реформы в обществе и открытое образовательное пространство; Т. 2

Detalles Bibliográficos
Parent link:Технический университет: реформы в обществе и открытое образовательное пространство: труды Международной научно-практической конференции, 14-17 мая 1996 г., Томск/ Томский политехнический университет.— , 1996
Т. 2.— 1996.— С. 105-106
Autor Principal: Кольчужкин А. М. Анатолий Михайлович
Idioma:ruso
Publicado: 1996
Subjects:
Formato: MixedMaterials Capítulo de libro
KOHA link:https://koha.lib.tpu.ru/cgi-bin/koha/opac-detail.pl?biblionumber=52534

MARC

LEADER 00000naa2a2200000 4500
001 52534
005 20251201173422.0
035 |a (RuTPU)RU\TPU\book\55054 
035 |a RU\TPU\book\55029 
090 |a 52534 
100 |a 20030602d1996 k y0rusy50 ca 
101 0 |a rus 
102 |a RU 
200 1 |a Томская школа статистического моделирования радиационных полей  |f А. М. Кольчужкин 
461 1 |0 (RuTPU)RU\TPU\book\127170  |t Технический университет: реформы в обществе и открытое образовательное пространство  |o труды Международной научно-практической конференции, 14-17 мая 1996 г., Томск  |o в 2 т.  |f Томский политехнический университет  |d 1996 
463 0 |0 (RuTPU)RU\TPU\book\13019  |t Т. 2  |v С. 105-106  |d 1996 
610 1 |a труды учёных ТПУ 
700 1 |a Кольчужкин  |b А. М.  |c российский физик-ядерщик  |c профессор кафедры экспериментальной ядерной физики Томского политехнического университета  |f 1935-  |g Анатолий Михайлович  |3 (RuTPU)RU\TPU\pers\19798 
801 2 |a RU  |b 63413507  |c 20140425  |g PSBO 
942 |c BK